Blatnická dolina u Dlhých mostov

Zobrazenie: V bielom orámovaní pohľad skalnatú stenu, pred ktorou sú stromy

Bibliographic Details
Other Authors: Ruml, Václav, zomrel 1929 (Photographer)
Format: Postcard
Language:Slovak
PhysicalDescription:1 pohľadnica čiernobiela 9 x 14 cm
Published: [Martin?] [Foto Ruml?] [medzi 1920 a 1929?]
Subjects:

MARC

LEADER 00000nkm a2200000 a 4500
001 vtls011921297
003 SK-MaSNL
005 20260512124312.0
007 kp bo
008 230706q1920 xo g kuslo
015 |a SNBG 
035 |a urn:nbn:sk:snk-km00ed0q 
035 |a urn:nbn:sk:snk-km43e6j 
035 |a 2FF59B30-C10E-4AA1-8E13-4CC7307F6A86 
040 |a SNK  |b slo  |c SNK  |e AACR2 
041 0 |a slo 
043 |a e-xo--- 
044 |a xo  |c SK 
072 7 |a 908(437)  |x Vlastiveda Česka a Slovenska  |2 konspekt 
080 |a (084.121)  |2 2011 
080 |a 908(437.6)  |2 2011 
100 1 |a Ruml, Václav,  |d zomrel 1929  |4 pht  |9 181640 
245 1 0 |a Blatnická dolina  |h grafika  |b u Dlhých mostov  |c Foto Ruml 
260 |a [Martin?]  |b [Foto Ruml?]  |c [medzi 1920 a 1929?] 
300 |a 1 pohľadnica  |b čiernobiela  |c 9 x 14 cm 
500 |a Názvové údaje prevzaté z obrazovej časti pohľadnice 
520 8 |a Zobrazenie: V bielom orámovaní pohľad skalnatú stenu, pred ktorou sú stromy 
651 7 |a Gaderská dolina (Slovensko)  |2 SNKPHgeo  |9 62694 
655 7 |a geografické pohľadnice  |2 SNKPH  |9 70522 
852 |a Slovenská národná knižnica 
958 |a ONDV 
958 |a GBN 
958 |a GC 
999 |c 865290  |d 867220 
952 |a SNK  |b SNK  |y PREZ  |7 0  |p 17A1380775  |o snkSP 99961  |z Pohľadnica prešla poštou.  |0 0  |1 0  |4 0  |d 2020-03-03  |f 1  |l 0  |r 2026-02-24 05:24:53  |w 2026-02-24